000 00705nam a2200289Ia 4500
005 20260324135808.0
008 008 260324s9999 xx 000 0 eng d
020 _a9781315205274
037 _aEBOOK
040 _aCRL
040 _beng
040 _cCRL
041 _2eng
041 _aeng
084 _qCRL
100 _aRanko Bon
_91201796
245 0 _aEconomic Structure and Maturity
245 0 _bCollected Papers in Input-output Modelling and Applications
260 _bTaylor and Francis
260 _c2000
365 _a
365 _b205
856 _uhttp://www.taylorfrancis.com/books/9781315205274
942 _cEBOOK
999 _c1803388
_d1803388